| 000 | 00367nam a22001217a 4500 | ||
|---|---|---|---|
| 082 | _a380 | ||
| 100 | _aState Bank of Pakistan | ||
| 245 |
_aExport of Goods and Services July 2010 _cState Bank of Pakistan |
||
| 260 |
_aKarachi _bStatistics and Data Warehouse Deptt _c2010 |
||
| 300 | _a165p | ||
| 942 |
_2ddc _cBK |
||
| 999 |
_c586183 _d586183 |
||